[Event "CRO-chT3 East-A"]
[Site "Croatia"]
[Date "2005.04.03"]
[Round "3.5"]
[White "Vitkovic, Andrija"]
[Black "Hurcak, Tomislav"]
[Result "1-0"]
[WhiteElo "1873"]
[BlackElo "1613"]
[PlyCount "67"]
[EventDate "2005.03.13"]
[EventType "team-tourn"]
[EventRounds "11"]
[EventCountry "CRO"]
[SourceTitle "EXT 2007"]
[Source "ChessBase"]
[SourceDate "2006.11.23"]
[SourceVersion "1"]
[SourceVersionDate "2006.11.23"]
[SourceQuality "1"]
[WhiteTeam "Dzurcenovac"]
[BlackTeam "Nova Gradiska"]
[WhiteTeamCountry "CRO"]
[BlackTeamCountry "CRO"]

1. e4 e5 2. Nf3 Nc6 3. Bc4 h6 4. 0-0 Nf6 5. d3 d6 6. a3 a6 7. c3 Qe7 8. b4 Be6 9. Nbd2 Bxc4 10. Nxc4 Qd7 11. Bb2 Be7 12. Ne3 0-0 13. Nf5 Bd8 14. h3 Ne7 15. N3h4 Ng6 16. Nxg6 fxg6 17. Nh4 Kh7 18. f4 Nh5 19. Nxg6 Kxg6 20. f5+ Kh7 21. Qxh5 Qf7 22. Qg4 c6 23. d4 Bf6 24. Rad1 Rad8 25. Rd2 Rfe8 26. Rfd1 Qe7 27. c4 Bg5 28. Re2 Bf6 29. d5 c5 30. bxc5 dxc5 31. Rb1 Rd6 32. Bc3 b6 33. Reb2 Qc7 34. Qg6+ 1-0